000 00673nam a2200229 i 4500
001 7801
003 ES-MaACL
005 20250809063446.0
007 t|
008 910511s1991 sp ||||1| spa d
020 _z9789681654955
080 _a929 Paz, Octavio
100 1 _aPaz, Octavio,
_d1914-1998
_989753
245 1 0 _aSolo a dos voces /
_cOctavio Paz, Julián Ríos.
250 _a2ª ed.
260 _aBarcelona :
_bLumen,
_c1991.
300 _a[106] p. :
_bil. ;
_c23 x 22 cm.
600 1 4 _aPaz, Octavio,
_d1914-1998-
_xBiografías
_989754
700 1 _aRíos, Julián.
_997370
852 4 _aES-MaACL
_jL-15078
_z- Enc. cart.
999 _c7801
_d7801